| 000 | 01305nam a22002297a 4500 | ||
|---|---|---|---|
| 008 | 251114b |||||||| |||| 00| 0 eng d | ||
| 020 | _a9781984882080 | ||
| 040 | _cTBS | ||
| 041 | _aeng | ||
| 050 |
_aPS3608 _b.A54865S66 2021 |
||
| 100 |
_aHalperin, Hanna _926506 _eauthor |
||
| 245 |
_aSomething wild : _c/ Hanna Halperin. |
||
| 260 |
_aNew York, NY : _bPenguin Books, _c2022. |
||
| 300 |
_a324 pages ; _c22 cm. |
||
| 520 | _aTanya and Nessa Bloom pause their respective adult lives and travel to the Boston suburbs to help their mother pack up and move out of their childhood home. They don't expect to learn that their mother, Lorraine, is in a violent relationship. As Tanya urges Lorraine to get a restraining order, Nessa struggles to reconcile her fondness for their stepfather with his capacity for brutality. Their differing responses to the abuse bring up the sisters' shared secret: a traumatic, unspoken experience from their adolescence has shaped their lives, their sense of selves, and their relationship with each other and the men in their life. | ||
| 650 | 0 |
_aSisters _vFiction _922940 |
|
| 650 | 0 |
_aMothers and daughters _xFiction _924029 |
|
| 650 | 0 |
_aAbused women _vFiction _926507 |
|
| 650 | 0 |
_aStepfathers _vFiction _926508 |
|
| 651 | 0 |
_aBoston (MA) _vFiction _926509 |
|
| 942 | _2lcc | ||
| 999 |
_c5181 _d5181 |
||